000 00911nam a22002292 4500
005 2009060307027.0
008 090216t xxu||||| |||| 00| 0 eng d
010 _aENG-93859
020 _a8178121921
_c620.00
035 _aEN-77392
037 _bDBAD / PUB
040 _adpl
_bEnglish
082 _a000
100 _aPrakash, P.
245 _aR. Gupta's popular master guide C.B.S.E. AIEEE (All India Engineering Entrance Examination) /
_cby P. Prakash
260 _aNew Delhi
_bRamesh Publishing House
_c2009
270 _a12-H, New Daryaganj Road, Opp. Traffic Kotwali,
_bNew Delhi
_e110002
300 _aVarious pagings
_c26m(pbk)
650 _aC.B.S.E. AIEEE (All India Engineering Entrance Examination)
942 _2ddc
_cEN
_mPRA
_h000
999 _c27189
_d27189